000
00251nam a22001097a 4500
999
_c
261773
_d
261772
020
_a
0590590898
100
_a
Louis Sachar
245
_a
There's A Boy In The Girls Bathroom
260
_a
New York
_b
Scholastic
_c
1987
300
_a
195 pgs
942
_c
BK